Три сильветки: Марко Вовчок - Ольга Кобилянська - Леся Українка (Запис № 371045)

МАРК-запис
000 -LEADER
fixed length control field 00769nam a22002417a 4500
001 - CONTROL NUMBER
control field 84734
003 - CONTROL NUMBER IDENTIFIER
control field UA-OsUOA
005 - DATE AND TIME OF LATEST TRANSACTION
control field 20201223215408.0
007 - PHYSICAL DESCRIPTION FIXED FIELD--GENERAL INFORMATION
fixed length control field ta
008 - FIXED-LENGTH DATA ELEMENTS--GENERAL INFORMATION
fixed length control field 20120608b un ||||| |||| 00| 0 ukr d
040 ## - CATALOGING SOURCE
Original cataloging agency UA-OsUOA
Language of cataloging ukr
Transcribing agency UA-OsUOA
Modifying agency UA-OsUOA
041 ## - LANGUAGE CODE
Language code of text/sound track or separate title ukr
080 ## - UNIVERSAL DECIMAL CLASSIFICATION NUMBER
Universal Decimal Classification number 82.09(477)
090 ## - LOCALLY ASSIGNED LC-TYPE CALL NUMBER (OCLC); LOCAL CALL NUMBER (OCLC)
Classification number (OCLC) (R) ; Classification number, CALL (RLIN) (NR) 82.09(477)
Local cutter number (OCLC) ; Book number/undivided call number, CALL (RLIN) Б67
100 ## - MAIN ENTRY--PERSONAL NAME
Personal name Білецький Л.
245 ## - TITLE STATEMENT
Title Три сильветки: Марко Вовчок - Ольга Кобилянська - Леся Українка
260 ## - PUBLICATION, DISTRIBUTION, ETC. (IMPRINT)
Place of publication, distribution, etc Вінніпег
Name of publisher, distributor, etc СУК
Date of publication, distribution, etc 1951
300 ## - PHYSICAL DESCRIPTION
Extent 127 с.
650 #7 - SUBJECT ADDED ENTRY--TOPICAL TERM
Topical term or geographic name as entry element 82 Література. Літературознавство
Source of heading or term UDC
942 ## - ADDED ENTRY ELEMENTS (KOHA)
Koha item type Книги
Source of classification or shelving scheme Universal Decimal Classification
955 ## - COPY-LEVEL INFORMATION (RLIN)
Classification number, CCAL (RLIN) Наукові видання
Фонди
Withdrawn status Lost status Source of classification or shelving scheme Damaged status Not for loan Collection code Home library Current library Date acquired Source of acquisition Cost, normal purchase price Inventory number Total Checkouts Full call number Barcode Date last seen Price effective from Koha item type
Withdrawn   Universal Decimal Classification     Колекція бібліотеки інституту Св. Івана АБ - Абонемент НБ АБ - Абонемент НБ 08/06/2012 48/2012 4.00 139015   82.09(477) Б67 139015 13/07/2019 08/06/2012 Книги
    Universal Decimal Classification       Наукова бібліотека ІДУД Наукова бібліотека ІДУД 21/10/2010 222/2010 1.00 2131530   82-95 Б67 2131530 14/09/2019 21/10/2010 Книги
    Universal Decimal Classification       ЧЗ - Читальна зала ЧЗ - Читальна зала 22/06/2016 29/2016 10.00 151540   82.09(477) Б67 151540 05/11/2021 08/06/2012 Книги